Catálogo
 En Linea

Cabos sueltos = Loose ends : (Registro nro. 9811)

Detalles MARC
000 -CABECERA
campo de control de longitud fija 00884cam a2200229 a 4500
001 - NÚMERO DE CONTROL
campo de control 000010052
005 - FECHA Y HORA DE LA ÚLTIMA TRANSACCIÓN
campo de control 20200929161823.0
008 - DATOS DE LONGITUD FIJA--INFORMACIÓN GENERAL
campo de control de longitud fija 900321s1989 pr 001 p spa
020 ## - NÚMERO INTERNACIONAL ESTÁNDAR DEL LIBRO
Número Internacional Estándar del Libro 086581449X
040 ## - FUENTE DE LA CATALOGACIÓN
Centro catalogador/agencia de origen DO-SdBNP
Lengua de catalogación spa
Centro/agencia transcriptor BNPHU
082 ## - NÚMERO DE LA CLASIFICACIÓN DECIMAL DEWEY
Número de clasificación PR861.44
Número de documento/Ítem M828c
100 1# - ENTRADA PRINCIPAL--NOMBRE DE PERSONA
Nombre de persona Morales, Jorge A.
Fechas asociadas al nombre 1948-
9 (RLIN) 25024
245 10 - MENCIÓN DE TÍTULO
Título Cabos sueltos = Loose ends :
Resto del título escribalazos, baladas de vellonera, vine en busca de tu voz, cabos sueltos / loose ends /
Mención de responsabilidad, etc. Jorge A. Morales.
260 ## - PUBLICACIÓN, DISTRIBUCIÓN, ETC.
Lugar de publicación, distribución, etc. San Juan, Puerto Rico :
Nombre del editor, distribuidor, etc. Instituto de Cultura Puertorriqueña,
Fecha de publicación, distribución, etc. 1989.
300 ## - DESCRIPCIÓN FÍSICA
Extensión 208 p. ;
Dimensiones 21 cm.
500 ## - NOTA GENERAL
Nota general Español e Inglés.
505 0# - NOTA DE CONTENIDO CON FORMATO
Nota de contenido con formato Escribalazos -- Baladas de vellonera -- Vine en busca de tu voz -- Cabos sueltos/Loose ends.
650 #4 - PUNTO DE ACCESO ADICIONAL DE MATERIA--TÉRMINO DE MATERIA
Término de materia o nombre geográfico como elemento de entrada Poesía puertorriqueña
9 (RLIN) 1015
650 #4 - PUNTO DE ACCESO ADICIONAL DE MATERIA--TÉRMINO DE MATERIA
Término de materia o nombre geográfico como elemento de entrada Literatura puertorriqueña
9 (RLIN) 250
650 #4 - PUNTO DE ACCESO ADICIONAL DE MATERIA--TÉRMINO DE MATERIA
Término de materia o nombre geográfico como elemento de entrada Canciones
Subdivisión general Poesía
9 (RLIN) 25025
740 0# - PUNTO DE ACCESO ADICIONAL--TÍTULO RELACIONADO O ANALÍTICO NO CONTROLADO
Título relacionado o analítico no controlado Loose ends.
Existencias
Estado de retiro Estado de pérdida Restricciones de uso No para préstamo Código de colección Localización permanente Ubicación/localización actual Ubicación en estantería Fecha de adquisición Número de inventario Total de préstamos Signatura topográfica completa Código de barras Fecha visto por última vez Número de copia Precio válido a partir de Tipo de ítem Koha
      Excluido de préstamo Monografías: Libros y Folletos General General Depósito 28.05.2010 LF1   PR861.44 M828c 10052-20 25.06.2020 e. 2 25.06.2020 No se presta
      Excluido de préstamo Monografías: Libros y Folletos General General Depósito 02.10.2009 LF1   PR861.44 M828c 10052-10 25.06.2020   25.06.2020 No se presta
        Monografías: Libros y Folletos Patrimonio Dominicano Patrimonio Dominicano Orden iniciada 25.05.2017 LF1   PR861.44 M828c 10052-30 25.06.2020   25.06.2020 No se presta

Con tecnología Koha